000 00418nam a2200133Ia 4500
008 151001s9999||||xx |||||||||||||| ||und||
100 _aसुदर्शन भाटीया
245 _aलक्ष्यबोध कराते :साहसी महापुरुष
250 _a1
260 _bमित्तल एंड सन्स
260 _c2007
300 _a128
365 _b21
999 _c992559
_d992556